Visualizzazione normale
Vista MARC
- Paglia Vincenzo, Sciortino Antonio
di Personal Name
Records bibliografici associati: 1
001 - CONTROL NUMBER
- control field: 60748
003 - CONTROL NUMBER IDENTIFIER
- control field:
005 - DATE AND TIME OF LATEST TRANSACTION
- control field: 20240530120911.0
008 - FIXED-LENGTH DATA ELEMENTS
- fixed length control field: 240530|| aca||aabn | a|a d
040 ## - CATALOGING SOURCE
- Original cataloging agency:
- Transcribing agency:
100 ## - HEADING--PERSONAL NAME
- Personal name: Paglia Vincenzo, Sciortino Antonio
670 ## - SOURCE DATA FOUND
- Source citation: Work cat.: ()209723: Paglia Vincenzo, Sciortino Antonio, La Famiglia., 2015